| 000 | 00675nam a22002057a 4500 | ||
|---|---|---|---|
| 003 | OSt | ||
| 005 | 20260119010336.0 | ||
| 008 | 260116b |||||||| |||| 00| 0 eng d | ||
| 020 | _a1-7674-1592-2. | ||
| 040 |
_aDWCL-Admin lib _cOC |
||
| 082 | _aCirc. 909.09821 M438w 2001 | ||
| 100 | _aMatthews, Roy T. | ||
| 245 |
_aThe western humanities / _cRoy T. Matthews |
||
| 260 |
_aCalifornia: _bMayfield Publishing Co., _cc2001. |
||
| 300 |
_a xxxi, 614 p. : _bcol. ill. ; _c28 cm. |
||
| 504 | _aIncludes bibliographical references and index. | ||
| 650 | _a1. Civilization, Western - History. | ||
| 700 | _aPlatt, F. Dewitt | ||
| 942 |
_2ddc _cBK-CIRC _e 4th ed. _hCirc. _n0 |
||
| 999 |
_c7491 _d7491 |
||